千葉県に存在する高等学校 - Statistics

General Stats
  • This quiz has been taken 16 times
  • The average score is 80 of 190
Answer Stats
所在地 高校名 備考 % Correct
柏市 県立柏高校 県立
100%
柏市 市立柏高校 市立
100%
千葉市 県立千葉高校 県立
92%
千葉市 千葉東高校 県立
92%
千葉市 市立千葉高校 市立
92%
船橋市 県立船橋高校 県立
92%
船橋市 市立船橋高校 市立
92%
千葉市 千葉南高校 県立
85%
千葉市 千葉西高校 県立
85%
松戸市 県立松戸高校 県立
85%
松戸市 市立松戸高校 市立
85%
習志野市 習志野高校 市立
85%
浦安市 浦安高校 県立
85%
流山市 流山高校 県立
85%
成田市 成田高校 私立
85%
佐倉市 佐倉高校 県立
85%
千葉市 千葉商業高校 県立
77%
千葉市 千葉北高校 県立
77%
市川市 市川高校 私立
77%
八千代市 八千代高校 県立
77%
我孫子市 我孫子高校 県立
77%
四街道市 四街道高校 県立
77%
東金市 東金高校 県立
77%
茂原市 茂原高校 県立
77%
木更津市 木更津高校 県立
77%
市原市 市原高校 県立
77%
君津市 君津高校 県立
77%
袖ケ浦市 袖ヶ浦高校 県立
77%
千葉市 千葉工業高校 県立
69%
千葉市 稲毛高校 市立
69%
市川市 市川東高校 県立
69%
市川市 市川南高校 県立
69%
柏市 柏南高校 県立
69%
鎌ケ谷市 鎌ケ谷高校 県立
69%
成田市 成田北高校 県立
69%
佐倉市 佐倉東高校 県立
69%
佐倉市 佐倉西高校 県立
69%
八街市 八街高校 県立
69%
白井市 白井高校 県立
69%
富里市 富里高校 県立
69%
銚子市 県立銚子高校 県立
69%
銚子市 市立銚子高校 市立
69%
香取市 佐原高校 県立
69%
匝瑳市 匝瑳高校 県立
69%
多古町 多古高校 県立
69%
山武市 成東高校 県立
69%
大網白里市 大網高校 県立
69%
九十九里町 九十九里高校 県立
69%
大多喜町 大多喜高校 県立
69%
木更津市 木更津総合高校 私立
69%
船橋市 船橋東高校 県立
62%
船橋市 船橋北高校 県立
62%
我孫子市 我孫子東高校 県立
62%
佐倉市 佐倉南高校 県立
62%
千葉市 検見川高校 県立
54%
千葉市 幕張総合高校 県立
54%
千葉市 渋谷教育学園幕張高校 私立
54%
松戸市 専修大学松戸高校 私立
54%
習志野市 津田沼高校 県立
54%
浦安市 浦安南高校 県立
54%
流山市 流山北高校 県立
54%
成田市 成田国際高校 県立
54%
四街道市 四街道北高校 県立
54%
銚子市 銚子商業高校 県立
54%
いすみ市 大原高校 県立
54%
千葉市 千葉女子高校 県立
46%
市川市 行徳高校 県立
46%
松戸市 松戸南高校 県立
46%
八千代市 八千代東高校 県立
46%
八千代市 八千代松陰高校 私立
46%
浦安市 東海大学付属浦安高校 私立
46%
柏市 柏の葉高校 県立
46%
流山市 流山南高校 県立
46%
成田市 下総高校 県立
46%
酒々井町 東京学館高校 私立
46%
木更津市 木更津東高校 県立
46%
木更津市 拓殖大学紅陵高校 私立
46%
市原市 東海大学付属市原望洋高校 私立
46%
千葉市 犢橋高校 県立
38%
千葉市 千城台高校 県立
38%
千葉市 若松高校 県立
38%
市川市 市川工業高校 県立
38%
市川市 国府台高校 県立
38%
船橋市 船橋法典高校 県立
38%
松戸市 小金高校 県立
38%
八千代市 八千代西高校 県立
38%
浦安市 東京学館浦安高校 私立
38%
柏市 柏陵高校 県立
38%
柏市 日本体育大学柏高校 私立
38%
我孫子市 中央学院高校 私立
38%
鎌ケ谷市 鎌ケ谷西高校 県立
38%
匝瑳市 敬愛大学八日市場高校 私立
38%
東金市 千葉学芸高校 私立
38%
茂原市 長生高校 県立
38%
館山市 安房高校 県立
38%
千葉市 生浜高校 県立
31%
千葉市 柏井高校 県立
31%
千葉市 泉高校 県立
31%
千葉市 土気高校 県立
31%
千葉市 磯辺高校 県立
31%
千葉市 昭和学院秀英高校 私立
31%
市川市 国分高校 県立
31%
市川市 昭和学院高校 私立
31%
市川市 千葉商科大学付属高校 私立
31%
船橋市 日本大学習志野高校 私立
31%
松戸市 松戸馬橋高校 県立
31%
松戸市 松戸国際高校 県立
31%
習志野市 実籾高校 県立
31%
習志野市 東邦大学付属東邦高校 私立
31%
野田市 清水高校 県立
31%
流山市 流山おおたかの森高校 県立
31%
八街市 千葉黎明高校 私立
31%
香取市 佐原白楊高校 県立
31%
山武市 松尾高校 県立
31%
茂原市 茂原樟陽高校 県立
31%
館山市 館山総合高校 県立
31%
市原市 市原中央高校 私立
31%
富津市 君津商業高校 県立
31%
千葉市 京葉工業高校 県立
23%
千葉市 千葉大宮高校 県立・通信制
23%
千葉市 千葉明徳高校 私立
23%
千葉市 敬愛学園高校 私立
23%
千葉市 千葉経済大学附属高校 私立
23%
市川市 市川昴高校 県立
23%
市川市 日出学園高校 私立
23%
船橋市 船橋古和釜高校 県立
23%
船橋市 船橋豊富高校 県立
23%
船橋市 船橋二和高校 県立
23%
船橋市 薬園台高校 県立
23%
船橋市 千葉日本大学第一高校 私立
23%
船橋市 東京学館船橋高校 私立
23%
船橋市 東葉高校 私立
23%
松戸市 松戸六実高校 県立
23%
松戸市 松戸向陽高校 県立
23%
八千代市 千葉英和高校 私立
23%
野田市 野田中央高校 県立
23%
野田市 関宿高校 県立
23%
野田市 西武台千葉高校 私立
23%
柏市 東葛飾高校 県立
23%
柏市 沼南高校 県立
23%
柏市 沼南高柳高校 県立
23%
柏市 芝浦工業大学柏高校 私立
23%
柏市 二松學舍大学附属柏高校 私立
23%
柏市 流通経済大学付属柏高校 私立
23%
我孫子市 我孫子二階堂高校 私立
23%
成田市 成田西陵高校 県立
23%
香取市 小見川高校 県立
23%
旭市 東総工業高校 県立
23%
多古町 わせがく高校 私立・通信制
23%
鴨川市 鴨川令徳高校 私立
23%
木更津市 志学館高等部 私立
23%
市原市 市原緑高校 県立
23%
市原市 市原八幡高校 県立
23%
市原市 姉崎高校 県立
23%
市原市 京葉高校 県立
23%
富津市 天羽高校 県立
23%
君津市 翔凜高校 私立
23%
八千代市 秀明大学教師学部附属秀明八千代高校 私立
23%
千葉市 植草学園大学附属高校 私立
15%
千葉市 千葉聖心高校 私立
15%
千葉市 明聖高校 私立・通信制
15%
千葉市 桜林高校 私立
15%
市川市 不二女子高校 私立
15%
市川市 和洋国府台女子高校 私立
15%
船橋市 船橋芝山高校 県立
15%
船橋市 船橋啓明高校 県立
15%
船橋市 中山学園高校 私立・通信制
15%
野田市 あずさ第一高校 私立・通信制
15%
柏市 柏中央高校 県立
15%
柏市 麗澤高校 私立
15%
印西市 印旛明誠高校 県立
15%
旭市 旭農業高校 県立
15%
東金市 東金商業高校 県立
15%
横芝光町 横芝敬愛高校 私立
15%
茂原市 茂原北陵高校 私立
15%
勝浦市 成美学園高校 私立
15%
一宮町 一宮商業高校 県立
15%
鴨川市 長狭高校 県立
15%
南房総市 安房拓心高校 県立
15%
木更津市 暁星国際高校 私立
15%
君津市 君津青葉高校 県立
15%
松戸市 光英VERITAS高校 私立
15%
市川市 国府台女子学院高等部 私立
8%
印西市 時任学園中等教育学校 私立
8%
銚子市 千葉科学大学附属高校 私立・通信制
8%
香取市 千葉萌陽高校 私立
8%
御宿町 中央国際高校 私立・通信制
8%
館山市 安房西高校 私立
8%
茂原市 ヒューマンキャンパスのぞみ高校 私立・通信制
8%
千葉市 飛鳥未来高校 私立・通信制
0%
No matching quizzes found
Score Distribution
Percent of People with Each Score
Percentile by Number Answered
Your Score History
You have not taken this quiz